[Event "CRO-chT4 Center-A"]
[Site "Zagreb"]
[Date "2011.03.20"]
[Round "2.46"]
[White "Kostur, Lovro"]
[Black "Stracenski, Petar"]
[Result "1/2-1/2"]
[WhiteElo "1705"]
[BlackElo "1796"]
[PlyCount "101"]
[EventDate "2011.03.13"]
[EventType "team-tourn"]
[EventRounds "7"]
[EventCountry "CRO"]
[SourceTitle "EXT 2014"]
[Source "ChessBase"]
[SourceDate "2013.11.20"]
[SourceVersion "1"]
[SourceVersionDate "2013.11.20"]
[SourceQuality "1"]

1. e4 d5 2. exd5 Qxd5 3. Nc3 Qa5 4. d4 c6 5. Nf3 Bg4 6. h3 Bh5 7. g4 Bg6 8. Bd2 e6 9. Bc4 Nf6 10. Bb3 Bd6 11. Ne4 Qd8 12. Nxd6+ Qxd6 13. Qe2 Nd5 14. Qe5 Qxe5+ 15. dxe5 Be4 16. Ke2 Nd7 17. Bxd5 Bxd5 18. Bc3 Nc5 19. Rhd1 Ne4 20. Bd4 c5 21. Be3 f6 22. exf6 gxf6 23. Nd2 Nxd2 24. Rxd2 b6 25. f3 Rd8 26. b3 Rd7 27. Rad1 Ke7 28. c4 Bc6 29. Rxd7+ Bxd7 30. a4 a5 31. Bf4 e5 32. Bg3 Ke6 33. f4 Bc6 34. Kf2 h6 35. fxe5 fxe5 36. Re1 Rf8+ 37. Kg1 e4 38. Rd1 Rf3 39. Rd6+ Ke7 40. Rxc6 Rxg3+ 41. Kf2 Rxb3 42. Rxh6 Kf7 43. h4 Rb4 44. Ke3 Rxc4 45. Rxb6 Rxa4 46. Rb5 c4 47. Kxe4 c3+ 48. Kd3 Rxg4 49. Kxc3 a4 50. Ra5 Rxh4 51. Kb2 1/2-1/2

[Event "CRO-chT4A Center"]
[Site "Zagreb"]
[Date "2010.10.10"]
[Round "7.51"]
[White "Brkic, Djordje2222"]
[Black "Stracenski, Petar"]
[Result "1-0"]
[WhiteElo "2165"]
[BlackElo "1811"]
[PlyCount "43"]
[EventDate "2010.03.21"]
[EventType "team-tourn"]
[EventRounds "11"]
[EventCountry "CRO"]
[SourceTitle "EXT 2012"]
[Source "ChessBase"]
[SourceDate "2011.11.24"]
[SourceVersion "1"]
[SourceVersionDate "2011.11.24"]
[SourceQuality "1"]

1. e4 d5 2. e5 c5 3. f4 Bf5 4. Nf3 Nc6 5. d3 e6 6. Nc3 Bg4 7. Be2 Nge7 8. 0-0 Nf5 9. Bd2 Qb6 10. Na4 Qc7 11. b3 b5 12. Nc3 a6 13. a3 Bxf3 14. Bxf3 Ncd4 15. Bg4 b4 16. Nb1 a5 17. Bh3 Be7 18. a4 Nh4 19. Be3 Nc6 20. Qe1 0-0 21. Qf2 d4 22. Bc1 1-0

[Event "CRO-chT4A Center"]
[Site "Zagreb"]
[Date "2010.03.21"]
[Round "1.21"]
[White "Blazeka, Matej"]
[Black "Stracenski, Petar"]
[Result "1-0"]
[WhiteElo "2085"]
[BlackElo "1811"]
[PlyCount "29"]
[EventDate "2010.03.21"]
[EventType "team-tourn"]
[EventRounds "11"]
[EventCountry "CRO"]
[SourceTitle "EXT 2012"]
[Source "ChessBase"]
[SourceDate "2011.11.24"]
[SourceVersion "1"]
[SourceVersionDate "2011.11.24"]
[SourceQuality "1"]

1. e4 e5 2. Nf3 Nc6 3. Bb5 a6 4. Ba4 Nf6 5. 0-0 b5 6. Bb3 h6 7. c3 Bc5 8. d4 exd4 9. cxd4 Bb6 10. e5 Ng8 11. d5 Nce7 12. d6 Nc6 13. Qd5 Nxe5 14. Nxe5 Qf6 15. Qxa8 1-0